UBT Library

The outline of history : (Record no. 39724)

000 -LEADER
fixed length control field 00780cam a2200217 i 4500
001 - CONTROL NUMBER
control field 2234660
005 - DATE AND TIME OF LATEST TRANSACTION
control field 20180104073305.0
008 - FIXED-LENGTH DATA ELEMENTS--GENERAL INFORMATION
fixed length control field 761207r19761925miuaf b 001 0 eng
010 ## - LIBRARY OF CONGRESS CONTROL NUMBER
LC control number 76029691
020 ## - INTERNATIONAL STANDARD BOOK NUMBER
International Standard Book Number 0403072042
040 ## - CATALOGING SOURCE
Original cataloging agency DLC
Transcribing agency DLC
Modifying agency DLC
041 ## - LANGUAGE CODE
Language code of text/sound track or separate title eng
080 ## - UNIVERSAL DECIMAL CLASSIFICATION NUMBER
Universal Decimal Classification number 909
082 00 - DEWEY DECIMAL CLASSIFICATION NUMBER
Classification number 909 WEL
100 1# - Rafti
Rafti 21
101 ## - Shkurtesa
Shkurtesa GJL
245 14 - TITLE STATEMENT
Title The outline of history :
Statement of responsibility, etc by H. G. Wells ; written originally with the advice and editorial help of Ernest Barker ... [et al.] ; illustrated with line drawings by J. F. Horrabin, and with reproductions of many famous paintings.
504 ## - BIBLIOGRAPHY, ETC. NOTE
Bibliography, etc Includes bibliographical references and index.
906 ## - LOCAL DATA ELEMENT F, LDF (RLIN)
a 7
b cbc
c orignew
d 2
e ocip
f 19
g y-gencatlg
942 ## - ADDED ENTRY ELEMENTS (KOHA)
Source of classification or shelving scheme
Item type Books
Holdings
Withdrawn status Lost status Source of classification or shelving scheme Damaged status Not for loan Collection code Permanent location Current location Shelving location Date acquired Total Checkouts Full call number Barcode Date last seen Price effective from Koha item type
          Koleksioni i përgjithshem UBT - Lipjan UBT - Lipjan Koleksioni i përgjithshem 01/04/2018   909 WEL 002-2994323 01/04/2018 01/04/2018 Books
UBT Library © 2015-2024. All rights reserved University Education for Business and Technology